000 00786nam a2200265Ia 4500
003 OSt
005 20221005074141.0
006 a|||||r|||| 00| 0
007 ta
008 221004b |||||||| |||| 00| 0 eng d
020 _a9789383649594 (hbk)
024 _a22542
037 _bGift, 06/10/2015,
_cTextual
040 _aCRL
_cCRL
_beng
041 _2eng
_aeng
082 _aV49G:19.P1, Q5
100 _aJha Pankaj Ed.
_9455339
245 0 _aTransitions and independence
_b India and neighbours
260 _aNew Delhi
_bKW Publisher India
_c2015
300 _axiii, 191p.
_ccm.
650 _aHISTORY
700 _a Tiwari Smita Ed.
942 _hV49G:19.P1, Q5
_cTEXL
_2cc
999 _c982251
_d982251